| 000 | 00868nam2a2200253 4500 | ||
|---|---|---|---|
| 001 | RU\NLR\bibl\290093 | ||
| 005 | 20250620142042.0 | ||
| 010 |
_a5-93209-382-Х _920000 |
||
| 021 |
_aRU _b2002-1683 _986 |
||
| 035 | _a(NLR Aleph) 000285482 | ||
| 090 |
_a1671112 _c1671112 |
||
| 100 | _a20020724d2001 |||y0rusy50 ca | ||
| 101 | 0 | _arus | |
| 102 | _aRU | ||
| 105 | _aa z ||||| | ||
| 200 | 0 |
_aВып. 2 _f[Л.С. Тихомирова _gХудож. А.В. Михеева] |
|
| 210 |
_d2001. _aБ. м. |
||
| 215 |
_a16 с. _cил. |
||
| 461 | 0 |
_1001RU\NLR\bibl\298328 _12001#$aУгадай. Раскрась. Реши$vВып. 2 _91719586 _cМ. _d2001 _nОмега _oДля самых маленьких _tУгадай. Раскрась. Реши _vВып. 2 |
|
| 801 | 0 |
_aRU _bNLR _c20020724 _gPSBO |
|
| 801 | 1 |
_aRU _bNLR _c20020724 |
|
| 942 | _cBOOK | ||
| 980 | _aNB | ||